Seven decades on rainbow paths : (Record no. 31378)

MARC details
000 -LEADER
fixed length control field 00699nam a22002297a 4500
008 - FIXED-LENGTH DATA ELEMENTS--GENERAL INFORMATION
fixed length control field 241121b |||||||| |||| 00| 0 eng d
017 ## - LEGAL DEPOSIT NUMBER
Legal deposit number LD.4040
018 ## - LEGAL DEPOSIT YEAR
LDD Year 2024
020 ## - INTERNATIONAL STANDARD BOOK NUMBER
ISBN 9789787873832
040 ## - CATALOGING SOURCE
Original cataloging agency NLN
Language of cataloging English
Description conventions AACR2
100 ## - MAIN ENTRY--AUTHOR
Author AHIAUZU, Blessing Esuru
Relator term aut
245 ## - TITLE STATEMENT
Title Seven decades on rainbow paths :
Remainder of title an autobiography :
Statement of responsibility, etc Esuru Blessing Ahiauzu
260 ## - PUBLICATION, DISTRIBUTION, ETC. (IMPRINT)
Place of publication [S.l] :
Name of publisher [S.n],
Date of publication 2024
300 ## - COLLATION
Pagination xii, 128p. :
Other physical details ill., Col. ports ;21cm.
563 ## - BINDING INFORMATION
Binding note (pbk.)
650 ## - TRACINGS
Main Subject Ahiauzu, Blessing Esuru, 1944-
650 ## - TRACINGS
Main Subject Librarians
Subdivision (1st) Nigeria
Subdivision (2nd) Autobiography
942 ## - ADDED ENTRY ELEMENTS (KOHA)
Item type Books
Suppress in OPAC No
050 ## - LIBRARY OF CONGRESS CALL NUMBER
Classification number DT515.83
Item number .A285 A3
082 ## - DEWEY DECIMAL CLASSIFICATION NUMBER
Classification number 920.2
Holdings
Source of classification or shelving scheme Not for loan Home library Current library Date acquired Mode of acquisition Accession No. Full call number Barcode. Copy number Koha item type
Library of Congress Classification   UMUAHIA BRANCH National Library of Nigeria 21/11/2024 Legal deposit 274691 DT515.83.A285 A3 274691 1 Books
Library of Congress Classification   YOLA BRANCH LIBRARY National Library of Nigeria 21/11/2024 Legal deposit 274692 DT515.83.A285 A3 274692 1 Books

National Library of Nigeria OPAC is powered by Koha